Länder, die Suriname am Nächsten Liegen - Sudden Death - Statistiken

Allgemein
  • Dieses Quiz wurde 33 mal gespielt
  • Das Durchschnittsergebnis liegt bei 5 aus 15
Answers on the Grid
Answers color-coded by a green-red scale on the quiz's grid according to % correct below.
Antigua und Barbuda
St. Kitts und Nevis
Barbados
Dominica
St. Lucia
St. Vincent und die Grenadinen
Trinidad und Tobago
Grenada
Venezuela
Kolumbien
Peru
Brasilien
Guyana
Bolivien
Dominikanische Republik
Kanada
Vereinigte Staaten
Mexiko
Guatemala
Belize
Honduras
El Salvador
Nicaragua
Costa Rica
Panama
Ecuador
Kuba
Bahamas
Haiti
Paraguay
 
Antwortstatistiken
Antwort % Korrekt
Venezuela
64%
Brasilien
60%
Guyana
52%
Trinidad und Tobago
48%
Kolumbien
36%
St. Kitts und Nevis
36%
St. Lucia
36%
St. Vincent und die Grenadinen
36%
Dominica
28%
Bolivien
24%
Antigua und Barbuda
20%
Peru
20%
Grenada
16%
Barbados
12%
Dominikanische Republik
12%
Keine übereinstimmenden Quizze gefunden
Verteilung der Resultate
Anzahl Personen mit jedem Resultat
Perzentil nach korrekt beantworteten Fragen
Ihre Resultats-Entwicklung
Sie haben dieses Quiz noch nicht gespielt